000 01370nam0a2200349 4500
001 RU\NLR\bibl\742669
005 20250614003553.0
010 _a5-17-006337-7
_bв обл.
021 _aRU
_b2004-64984
_93202
035 _aRSL-KNO-002488579
035 _a(NLR Aleph) 000732529
090 _a771710
_c771710
100 _a20041021d2004 |||y0rusy50 ca
101 1 _arus
_ceng
102 _aRU
105 _ay |||||||||
106 _ar
200 1 _aТайное желание
_eроман
_fДжейн Арчер
_g[пер. с англ. С. Б. Шестерневой]
210 _aМ.
_cАСТ
_d2004
215 _a317, [1] с.
_d17
225 1 _aОчарование
225 1 _aМини-Шарм
610 0 _aФилологические науки. Художественная литература -- США -- Американская литература -- с 1945 г. -- Произведения художественной литературы -- Художественная проза -- Романы. Повести. Рассказы
686 _aШ5(7США)62-644
_2rubbk
686 _aШ6(7США)67-440.4{Лх1979-50}
700 1 _aАрчер
_bД.
_gДжейн
_4070
801 0 _aRU
_bRuMoRKP
_c20041021
_grcr
801 1 _aRU
_bRuMoRGB
_c20041021
801 2 _aRU
_bNLR
_c20050401
_gPSBO
942 _cBOOK
980 _aNB